Philadelphia 76ers Leaders of the Last 10 Years - Statistics

General Stats
  • This quiz has been taken 84 times
    4 since last reset
  • The average score is 27 of 60
Answer Stats
Stat Total Player % Correct
Points 13544 Joel Embiid
100%
Rebounds 5280 Joel Embiid
100%
Assists 1808 Joel Embiid
100%
Steals 432 Joel Embiid
100%
Blocks 784 Joel Embiid
100%
Three Pointers 585 Joel Embiid
100%
Points 8182 Tyrese Maxey
100%
Rebounds 1242 Tyrese Maxey
100%
Assists 1864 Tyrese Maxey
100%
Steals 420 Tyrese Maxey
100%
Blocks 162 Tyrese Maxey
100%
Three Pointers 916 Tyrese Maxey
100%
Rebounds 1275 Andre Drummond
75%
Blocks 112 Andre Drummond
75%
Points 4382 Ben Simmons
75%
Rebounds 2217 Ben Simmons
75%
Assists 2127 Ben Simmons
75%
Steals 464 Ben Simmons
75%
Blocks 199 Ben Simmons
75%
Blocks 151 Adem Bona
50%
Assists 838 James Harden
50%
Points 2660 Kelly Oubre Jr.
50%
Rebounds 961 Kelly Oubre Jr.
50%
Steals 237 Kelly Oubre Jr.
50%
Blocks 101 Kelly Oubre Jr.
50%
Three Pointers 258 Kelly Oubre Jr.
50%
Points 6659 Tobias Harris
50%
Rebounds 2500 Tobias Harris
50%
Assists 1181 Tobias Harris
50%
Steals 304 Tobias Harris
50%
Blocks 233 Tobias Harris
50%
Three Pointers 575 Tobias Harris
50%
Three Pointers 278 Danny Green
25%
Three Pointers 310 Georges Niang
25%
Points 2570 J.J. Redick
25%
Assists 416 JJ Redick
25%
Three Pointers 433 JJ Redick
25%
Steals 359 Matisse Thybulle
25%
Blocks 203 Matisse Thybulle
25%
Rebounds 903 Paul Reed
25%
Blocks 162 Paul Reed
25%
Rebounds 651 T.J. McConnell
25%
Assists 1095 T.J. McConnell
25%
Steals 305 T.J. McConnell
25%
Points 2325 Dario Saric
0%
Rebounds 1119 Dario Saric
0%
Assists 410 Dario Saric
0%
Three Pointers 284 Dario Saric
0%
Steals 186 De'Anthony Melton
0%
Points 2244 Furkan Korkmaz
0%
Assists 391 Furkan Korkmaz
0%
Steals 178 Furkan Korkmaz
0%
Three Pointers 405 Furkan Korkmaz
0%
Points 2138 Robert Covington
0%
Rebounds 1025 Robert Covington
0%
Steals 321 Robert Covington
0%
Blocks 180 Robert Covington
0%
Three Pointers 387 Robert Covington
0%
Points 2368 Shake Milton
0%
Assists 694 Shake Milton
0%
No matching quizzes found
Score Distribution
Percent of People with Each Score
Percentile by Number Answered
Your Score History
You have not taken this quiz since the last reset